[Event "TCh-CZE 2002-3"]
[Site "Czech Rep CZE"]
[Date "2003.03.15"]
[Round "8"]
[White "Macieja,B"]
[Black "Pribyl,Jo"]
[Result "1-0"]
[WhiteElo "2629"]
[BlackElo "2403"]

1.e4 d6 2.d4 Nf6 3.Nc3 e5 4.Nf3 Nbd7 5.Bc4 Be7 6.O-O O-O 7.a4 c6 8.Qe2 b6
9.Rd1 Qc7 10.d5 Bb7 11.Bg5 cxd5 12.Bxf6 Nxf6 13.Nxd5 Bxd5 14.Bxd5 Nxd5 15.Rxd5 Rac8
16.c3 Qc4 17.Qc2 a6 18.Re1 g6 19.Nd2 Qc6 20.Ra1 f5 21.Qd3 Qb7 22.Rd1 Rf6
23.exf5 gxf5 24.Nc4 Rc6 25.f4 b5 26.axb5 axb5 27.Ne3 exf4 28.Nxf5 b4 29.cxb4 Bf8
30.b5 Rc5 31.b4 Rc7 32.Qd4 Rg6 33.Qxf4 Rc2 34.Nh4 Qa7+ 35.Kh1 Rg7 36.R5d2 Rcc7
37.Nf5 Rg6 38.Nxd6 Qb8 39.h3 Rc3 40.Qf7+ Kh8 41.Ne8 Bxb4 42.Rd8 Qxd8 43.Rxd8 Rc1+
44.Kh2  1-0

[Event "Victor Ciocaltea Mem"]
[Site "Bucharest ROM"]
[Date "2003.03.16"]
[Round "13"]
[White "Vajda,L"]
[Black "Grigore,Ge"]
[Result "1-0"]
[WhiteElo "2576"]
[BlackElo "2482"]

1.e4 d6 2.d4 Nf6 3.Nc3 e5 4.Nf3 Nbd7 5.Bc4 Be7 6.O-O O-O 7.Re1 c6 8.a4 a5
9.Bg5 exd4 10.Nxd4 Ne5 11.Bf1 Ng6 12.h3 h6 13.Bc1 Re8 14.g3 Bf8 15.Bg2 Qb6
16.Be3 Qc7 17.Qd2 Bd7 18.Rad1 Rad8 19.f4 Ne7 20.g4 Bc8 21.Qf2 Nd7 22.Ndb5 cxb5
23.Nxb5 Qc4 24.b3 Qb4 25.Rd4 Qc5 26.Rc4 Qxc4 27.bxc4 Nc6 28.Nc7 Re7 29.Nd5 Ree8
30.c3 g6 31.Rd1 Bg7 32.Nc7 Rf8 33.Rxd6 Bxc3 34.Nd5 Bg7 35.e5  1-0

[Event "Tch-SWE 2002-3"]
[Site "Sweden SWE"]
[Date "2003.03.16"]
[Round "11"]
[White "Wieweg,J"]
[Black "Andersson,J"]
[Result "1/2-1/2"]
[WhiteElo "2240"]
[BlackElo "2148"]

1.e4 d6 2.d4 Nf6 3.Nc3 c6 4.Nf3 Bg4 5.Be2 e6 6.Bg5 Be7 7.Qd2 a6 8.O-O d5
9.e5 Nfd7 10.Bxe7 Qxe7 11.Ne1 Bxe2 12.Nxe2 c5 13.c3 Nc6 14.f4 g6  1/2-1/2

[Event "19th Open"]
[Site "Bad Woerishofen GER"]
[Date "2003.03.17"]
[Round "5"]
[White "Prie,E"]
[Black "Georgiev,Vl"]
[Result "1/2-1/2"]
[WhiteElo "2446"]
[BlackElo "2549"]

1.d4 d6 2.e4 Nf6 3.Nc3 e5 4.dxe5 dxe5 5.Qxd8+ Kxd8 6.Bc4 Ke8 7.Nf3 Bd6 8.O-O a6
9.Re1 Bg4 10.Nh4 g6 11.h3 Be6 12.Bxe6 fxe6 13.Nd1 Nbd7 14.Nf3 Nc5 15.b3 b5
16.Bb2 Nfd7 17.Nd2 Ke7 18.f3 g5 19.Nf2 Nf6 20.Nf1 Nh5 21.Ne3 Nf4 22.Neg4 Nd7
23.g3 Ng6 24.Bc1 h5 25.Bxg5+ Kf7 26.Ne3 h4 27.g4 Nf4 28.Ng2 Kg6 29.Bxf4 exf4
30.Nd3 e5 31.Rad1 Kg5 32.Kf1 Rhe8 33.Re2 Re6 34.Nge1 Nb6 35.c3 c5 36.Red2 Be7
37.Nb2 c4 38.bxc4 bxc4 39.Nc2 Rc8 40.Rb1 Rc5 41.Nd1 Ra5 42.Rb2 Ba3 43.Nxa3 Rxa3
44.Rd8 Na4 45.Rc2 Kg6 46.Ke2 Rb6 47.Kd2 Rb1 48.Rc8 Ra1 49.Rxc4 R3xa2 50.Rc6+ Kg7
51.Rxa6 Rxd1+ 52.Kxd1 Nxc3+ 53.Rxc3 Rxa6 54.Rc7+ Kg6 55.Re7 Ra1+ 56.Ke2 Ra2+
57.Kf1 Ra1+ 58.Kf2 Ra2+  1/2-1/2

[Event "19th Open"]
[Site "Bad Woerishofen GER"]
[Date "2003.03.19"]
[Round "7"]
[White "Kritz,L"]
[Black "Georgiev,Vl"]
[Result "1/2-1/2"]
[WhiteElo "2484"]
[BlackElo "2549"]

1.e4 d6 2.d4 Nf6 3.Nc3 e5 4.Nge2 c6 5.f3 Be7 6.Be3 Nbd7 7.Qd2 O-O 8.g4 Nb6
9.Ng3 exd4 10.Bxd4 d5 11.O-O-O c5 12.Bxf6 Bxf6 13.Nxd5 Nxd5 14.exd5 Bxg4
15.Qg2 Bxb2+ 16.Kxb2 Qf6+ 17.Kb1 Bxf3 18.Qd2 Rad8 19.Bg2 Rd6 20.c3 Bxg2 21.Qxg2 Qxc3
22.Rd2 f5 23.Rc1 Qe5 24.Rcc2 Rff6 25.Rb2 Rb6 26.Qe2 Rxb2+ 27.Rxb2 Qxd5 28.Rd2 Qc6
29.Qe7 Rf8 30.Rd7 Qg6 31.Rd6 Re8 32.Qd7 Qf7 33.Nxf5 b5 34.Qxf7+ Kxf7 35.Ra6 Re1+
36.Kc2 Re2+ 37.Kd3 Rxh2 38.Nd6+ Kf8 39.Nxb5 h5 40.Rxa7 h4 41.Nc7 Ke7 42.Ke4 h3
43.Nd5+  1/2-1/2

[Event "19th Open"]
[Site "Bad Woerishofen GER"]
[Date "2003.03.20"]
[Round "8"]
[White "Bjarnason,O"]
[Black "Holscher,P"]
[Result "1-0"]
[WhiteElo "2195"]
[BlackElo "2090"]

1.e4 d6 2.d4 Nf6 3.Nc3 c6 4.f4 b5 5.Bd3 a6 6.Nf3 g6 7.O-O Bg7 8.h3 O-O 9.Qe1 b4
10.Na4 a5 11.f5 d5 12.e5 Ne4 13.fxg6 fxg6 14.Bxe4 dxe4 15.Qxe4 Be6 16.Qh4 Bd5
17.Bg5 Ra7 18.Nc5 Rf5 19.Nh2 h6 20.Rxf5 hxg5 21.Rxg5 e6  1-0

[Event "6th United Insurance"]
[Site "Dhaka BAN"]
[Date "2003.03.20"]
[Round "13"]
[White "Ahmed,SN"]
[Black "Magem Badals,J"]
[Result "0-1"]
[WhiteElo "2309"]
[BlackElo "2493"]

1.e4 d6 2.d4 Nf6 3.Nc3 Nbd7 4.Nf3 e5 5.Bc4 Be7 6.O-O O-O 7.Re1 c6 8.a4 a5
9.h3 exd4 10.Nxd4 Nc5 11.Bf4 Qb6 12.b3 Re8 13.e5 dxe5 14.Bxe5 Ncd7 15.Nf5 Nxe5
16.Rxe5 Bb4 17.Rxe8+ Nxe8 18.Qf3 Bxf5 19.Qxf5 Nd6 20.Qd3 Re8 21.Rf1 g6 22.Nd1 Bc5
23.Kh1 Ne4 24.Kh2 Kg7 25.g3 Qc7 26.Kg2 f5 27.Re1 h5 28.Qf3 Bb4 29.Re3 Bd2
30.Rxe4 Rxe4 31.Qd3 Bb4 32.Nc3 Bxc3 33.Qxc3+ Qe5 34.Qd2 Rd4 35.Qc1 h4 36.c3 Re4
37.Qg5 Qe7 38.Qd2 hxg3 39.fxg3 Qf6 40.Qd3 Re7 41.h4 f4 42.h5 Re3 43.Qd7+ Kh6
44.hxg6 Rxg3+ 45.Kf2 Qe5  0-1

[Event "TCh-AUT B"]
[Site "Mitte AUT"]
[Date "2003.03.22"]
[Round "10"]
[White "Benda,H"]
[Black "Nickl,K"]
[Result "1/2-1/2"]
[WhiteElo "2251"]
[BlackElo "2203"]

1.e4 d6 2.d4 Nf6 3.Nc3 Nbd7 4.Nf3 e5 5.Bc4 Be7 6.O-O O-O 7.h3 c6 8.dxe5 dxe5
9.a4 Qc7 10.Qe2 Nc5 11.Rd1  1/2-1/2

[Event "TCh-AUT B"]
[Site "Mitte AUT"]
[Date "2003.03.22"]
[Round "10"]
[White "Arwanitakis,M"]
[Black "Hoebarth,G"]
[Result "1-0"]
[WhiteElo "2190"]
[BlackElo "2146"]

1.e4 d6 2.d4 Nf6 3.Nc3 c6 4.a4 Qa5 5.Bd2 e5 6.Nf3 Bg4 7.d5 Qc7 8.Be2 cxd5
9.exd5 Be7 10.Nb5 Qd8 11.Nxe5 Bxe2 12.Qxe2 dxe5 13.d6 Bxd6 14.O-O-O Nc6 15.Bg5 O-O
16.Rxd6 Qe7 17.Rhd1 Rad8 18.Bxf6 gxf6 19.Qg4+ Kh8 20.Rd7 Qc5 21.Qf5 Rxd7
22.Qxf6+ Kg8 23.Qg5+ Kh8 24.Qf6+ Kg8 25.Rxd7 Qb4 26.Nc3 Qc4 27.Kb1 Rc8 28.Rd3 Nb4
29.Rg3+ Kf8 30.Qd6+  1-0

[Event "TCh-BEL 2002-3"]
[Site "Belgium BEL"]
[Date "2003.03.23"]
[Round "11"]
[White "Ghysels,C"]
[Black "Hautot,S"]
[Result "0-1"]
[WhiteElo "2220"]
[BlackElo "2304"]

1.e4 d6 2.d4 Nf6 3.Nc3 Nbd7 4.Nf3 e5 5.Bc4 Be7 6.O-O O-O 7.Re1 c6 8.a4 b6
9.h3 a6 10.Ba2 Rb8 11.Bg5 b5 12.axb5 axb5 13.Qd3 Bb7 14.Rad1 b4 15.Nb1 d5
16.Nxe5 Nxe5 17.dxe5 Nxe4 18.Bxe7 Qxe7 19.Nd2 Nc5 20.Qg3 Ba6 21.Nb3 Ne6 22.Nd4 Nxd4
23.Rxd4 Bc8 24.Bb3 Be6 25.Rdd1 Rfd8 26.f4 c5 27.f5 Bxf5 28.Rxd5 Be6 29.Rd6 c4
30.Ba4 Qa7+ 31.Kh2 Qxa4 32.Red1 Rxd6 33.exd6 Qd7 34.Ra1 Rd8 35.Ra6 f6 36.Qe3 Bf7
37.Qc5 b3 38.cxb3 cxb3 39.Rc6 Qe6 40.Qb4 Qe5+ 41.Kh1 Bd5 42.Qb6 Ra8  0-1

[Event "TCh-AUT B"]
[Site "Mitte AUT"]
[Date "2003.03.23"]
[Round "11"]
[White "Knoll,H"]
[Black "Moser,E"]
[Result "1/2-1/2"]
[WhiteElo "2365"]
[BlackElo "2341"]

1.e4 d6 2.d4 Nf6 3.Nc3 Nbd7 4.Nf3 e5 5.Bc4 Be7 6.O-O O-O 7.Re1 c6 8.a4 Qc7
9.b3 d5 10.exd5 Bb4 11.Bd2 exd4 12.Ne4 Bxd2 13.d6 Qb8 14.Qxd2 Nxe4 15.Rxe4 Qxd6
16.Rxd4 Qc7 17.Re1 Nf6 18.Ne5 Bf5 19.Qf4 Be6 20.Bxe6 fxe6 21.Ng6 Rf7 22.Qxc7 Rxc7
23.Nf4 Re8 24.Nd3 Rd7 25.Rxd7 Nxd7 26.f4 Kf7 27.Kf2 Kf6 28.Kf3 h5 29.Nf2 Ke7
30.Ne4 Rf8 31.Ke3 e5 32.fxe5 Rf5 33.Rd1 Nxe5 34.h3 Nf7 35.g4 hxg4 36.hxg4 Re5
37.Kf4 g5+ 38.Kf3 Re6 39.Nc5 Rf6+ 40.Kg3 Nd6 41.Re1+ Kf7 42.Ne4  1/2-1/2

[Event "Spring Open"]
[Site "Belgrade YUG"]
[Date "2003.03.26"]
[Round "2"]
[White "Martic,N"]
[Black "Cobic,V"]
[Result "0-1"]
[WhiteElo "2142"]
[BlackElo "2353"]

1.e4 d6 2.d4 Nf6 3.Nc3 c6 4.Nf3 Qa5 5.Bd3 Bg4 6.Bd2 Qb6 7.Na4 Bxf3 8.Nxb6 Bxd1
9.Nxa8 Bg4 10.b4 Kd8 11.b5 cxb5 12.e5 Nfd7 13.a4 b4 14.a5 Kc8 15.exd6 exd6
16.Rb1 Nc6 17.a6 Nf6 18.Bxb4 b6 19.Ba3 d5 20.Nxb6+ axb6 21.Bxf8 Rxf8 22.Rxb6 Nxd4
23.O-O Nd7 24.Rb2 Kc7 25.Rb7+ Kd6 26.Rfb1 Ra8 27.f3 Bf5 28.Bxf5 Nxf5 29.a7 Nd4
30.c4 Ne6 31.cxd5 Nec5 32.Rb8 Rxa7 33.Rh8 Nf6 34.Rd8+ Ncd7 35.Rc8 g6 36.Rd1 Nxd5
37.Rh8 h5 38.Rd8 Ke7 39.Rc8 Nf4 40.Re1+ Kf6 41.Rc4 Ne6 42.Rc6 Ne5 43.Rd6 Ra2
44.f4 Ng4 45.h3 Nh6 46.Rb6 h4 47.Rb4 Nf5 48.Rf1 Ng3 49.Rf3 Nd4 50.Rb6+ Kf5
51.Rd3 Nde2+ 52.Kh2 Nxf4  0-1

[Event "29th ch-BAN"]
[Site "Dhaka BAN"]
[Date "2003.03.28"]
[Round "1"]
[White "Reefat,S"]
[Black "Murshed,N"]
[Result "1-0"]
[WhiteElo "2451"]
[BlackElo "2435"]

1.e4 d6 2.d4 Nf6 3.Nc3 e5 4.dxe5 dxe5 5.Qxd8+ Kxd8 6.Bg5 Nd7 7.O-O-O Bd6
8.Nf3 Ke7 9.Nh4 Kf8 10.Nf5 Ne8 11.Nxd6 Nxd6 12.Nd5 Nxe4 13.Nxc7 Rb8 14.Be3 b6
15.Nb5 a5 16.Na7  1-0

[Event "29th ch-BAN"]
[Site "Dhaka BAN"]
[Date "2003.03.28"]
[Round "1"]
[White "Rahman,SM"]
[Black "Haque,R"]
[Result "1-0"]
[WhiteElo "2182"]
[BlackElo "2148"]

1.e4 d6 2.d4 Nf6 3.Nc3 c6 4.f4 Qa5 5.e5 Ne4 6.Bd3 Bf5 7.Ne2 Nxc3 8.bxc3 Bxd3
9.Qxd3 e6 10.O-O g6 11.Ng3 d5 12.f5 gxf5 13.Nxf5 exf5 14.Qxf5 Be7 15.Qc8+ Qd8
16.Qxb7 Nd7 17.Qxc6 O-O 18.Qxd5 Nb6 19.Qe4 Qd5 20.Qf5 Qe6 21.Rf3 Qxf5 22.Rxf5 Rfc8
23.Bd2 Nc4 24.Bh6 Rc6 25.Bg5 Bxg5 26.Rxg5+ Rg6 27.Rxg6+ hxg6 28.Rb1 Ne3 29.Kf2 Nc4
30.Ke2 Nb6 31.Kd3 Rc8 32.g3 Kf8 33.h4 Rc7 34.Rb3 Ke7 35.Ke4 Ke6 36.Ra3 Kd7
37.g4 Kc8 38.h5 gxh5 39.gxh5 Kb7 40.Kf5 Nd5 41.c4 Rxc4 42.Ke4 Ne7 43.Rf3 Kc6
44.Rxf7 Kd7 45.Kd3 Ra4 46.h6 Ra3+ 47.Ke4 Rh3 48.Rf6 Rh4+ 49.Kd3 Nc6 50.c3 Ne7
51.Kc4 Rh3 52.d5 Nc8 53.Rg6 Nb6+ 54.Kd4 Rh4+ 55.Kd3 Ke8 56.Rd6 Nc4 57.Re6+ Kf7
58.a3 a5 59.Rf6+ Kg8 60.e6 Ne5+ 61.Kc2 Ng4 62.Rg6+ Kf8 63.h7  1-0

[Event "29th ch-BAN"]
[Site "Dhaka BAN"]
[Date "2003.03.29"]
[Round "2"]
[White "Mohammad,J"]
[Black "Haque,R"]
[Result "1-0"]
[WhiteElo "2100"]
[BlackElo "2148"]

1.e4 d6 2.d4 Nf6 3.Nc3 c6 4.f4 Qa5 5.Bd3 e5 6.Nf3 Bg4 7.dxe5 dxe5 8.O-O exf4
9.Kh1 g5 10.e5 Nfd7 11.Ne4 Be7 12.Bd2 Qc7 13.Bc3 Bxf3 14.Qxf3 Nxe5 15.Qh5 h6
16.Nxg5 Rf8 17.Ne6 Qd6 18.Ng7+  1-0

[Event "XII It II"]
[Site "Dos Hermanas ESP"]
[Date "2003.03.29"]
[Round "2"]
[White "Rodriguez Guerrero,E"]
[Black "Cifuentes Parada,R"]
[Result "1/2-1/2"]
[WhiteElo "2450"]
[BlackElo "2506"]

1.e4 d6 2.d4 Nf6 3.Nc3 e5 4.Nf3 Nbd7 5.Bc4 Be7 6.O-O O-O 7.Re1 c6 8.a4 b6
9.Ba2 a6 10.Bg5 h6 11.Be3 Bb7 12.h3 b5 13.dxe5 dxe5 14.Nd2 Qc7 15.Qf3 Rad8
16.Ne2 Bc5 17.Nc3 Bxe3 18.Qxe3 Qb6 19.Nf3 Qxe3 20.Rxe3 g6  1/2-1/2

[Event "Spring Open"]
[Site "Belgrade YUG"]
[Date "2003.03.30"]
[Round "6"]
[White "Nestorovic,DN"]
[Black "Starcevic,G"]
[Result "1-0"]
[WhiteElo "2134"]
[BlackElo "2153"]

1.e4 d6 2.d4 Nf6 3.Nc3 c6 4.Nf3 Bg4 5.Be2 e6 6.O-O Be7 7.h3 Bh5 8.a4 O-O
9.Be3 d5 10.e5 Nfd7 11.Nd2 Bxe2 12.Nxe2 c5 13.f4 Nc6 14.c3 cxd4 15.Nxd4 Nxd4
16.Bxd4 Qc7 17.Qg4 Bc5 18.Nb3 Bxd4+ 19.Nxd4 Rac8 20.Rae1 Qb6 21.Kh1 Rc4 22.f5 exf5
23.Qxf5 Qc7 24.e6 Nf6 25.e7 Re8 26.Qg5 h6 27.Qe5 Qxe5 28.Rxe5 a6 29.Rfe1 g6
30.Nc2 Kg7 31.Kh2 Rxa4 32.Nb4 d4 33.b3 Ra3 34.cxd4 Rxb3 35.Nd5 Nxd5 36.Rxd5 Kf6
37.Rd7 Rb5 38.Rd6+ Kg7 39.Rd8 Rxe7 40.Rxe7  1-0

[Event "Spring Open"]
[Site "Belgrade YUG"]
[Date "2003.03.31"]
[Round "7"]
[White "Zivkovic,Drago"]
[Black "Djordjijevic,S"]
[Result "1-0"]
[WhiteElo "2121"]
[BlackElo "2225"]

1.e4 d6 2.d4 Nf6 3.Nc3 c6 4.Be2 Nbd7 5.Nf3 e5 6.O-O Be7 7.h3 O-O 8.Be3 Re8
9.a3 a5 10.d5 cxd5 11.exd5 Nb6 12.Qd2 Bf5 13.Ne1 Rc8 14.b3 Bg6 15.Rc1 Nfd7
16.Bb5 Rf8 17.Ne2 Ra8 18.a4 f5 19.f4 Qc7 20.Nf3 Bf7 21.Bxd7 Nxd7 22.Nc3 Ra6
23.Nb5 Qb8 24.Rfd1 Bh5 25.Rf1 Bxf3 26.Rxf3 Qc8 27.Rcf1 g6 28.Kh1 Bh4 29.Rd1 Bf6
30.Rff1 Re8 31.Qf2 Bg7 32.c4 Nf6 33.fxe5 Ne4 34.Qf3 Bxe5 35.Bf4 Qd7 36.Rfe1 Raa8
37.Re3 Re7 38.Rde1 Rae8 39.Bxe5 Rxe5 40.Nd4 Qe7 41.Ne6 Qh4 42.Kh2 Qe7 43.Qe2 Qf6
44.Qc2 h6 45.Qe2 Kh7 46.Qd3 Rg8 47.Qf1 Qh4 48.g3 Qe7 49.Qf3 Re8 50.h4 Ra8
51.Kg2 Re8 52.Qe2 Qf7 53.Qf3 Re7  1-0

[Event "29th ch-BAN"]
[Site "Dhaka BAN"]
[Date "2003.03.31"]
[Round "4"]
[White "Hasan,M"]
[Black "Haque,R"]
[Result "1-0"]
[WhiteElo "2211"]
[BlackElo "2148"]

1.e4 d6 2.d4 Nf6 3.Nc3 c6 4.f4 Qa5 5.Bd3 e5 6.Nf3 Bg4 7.Be3 Nbd7 8.O-O Be7
9.h3 exf4 10.Bxf4 Bxf3 11.Qxf3 Qb6 12.Ne2 Ne5 13.Qf2 Nxd3 14.cxd3 O-O 15.Ng3 Ne8
16.Be3 Bh4 17.b3 Qa6 18.Rfd1 f5 19.exf5 Bxg3 20.Qxg3 Rxf5 21.Qg4 g6 22.Qg3 Qb5
23.Bf2 Qd5 24.Re1 Ng7 25.Re4 Raf8 26.Be3 R5f7 27.Bh6 Nf5 28.Qg5 Nxh6 29.Qxh6 c5
30.Qe3 b6 31.dxc5 bxc5 32.d4 c4 33.Re1 cxb3 34.Qxb3 Qxb3 35.axb3 Rb7 36.Re6 Rd8
37.Re7 Rdd7 38.Rxd7 Rxd7 39.Kf2 Kf7 40.Kf3 Kf6 41.Re3 Rb7 42.Rd3 Rb5 43.Ke4 Ke6
44.Re3 Kf6 45.g4 h5 46.gxh5 Rxh5 47.Rg3 d5+ 48.Kf4 Ke6 49.Kf3 Kf6 50.Kg4 Ke6
51.Kf3 Kf5 52.Ke3 Rh4 53.Rf3+ Ke6 54.Rg3 Rh6 55.b4 Kf6 56.Rf3+ Kg5 57.Rg3+ Kh4
58.Kf4 Rh7 59.Rxg6 Kxh3 60.Ke5 Rb7 61.Kxd5 Rxb4 62.Kc5  1-0

[Event "29th ch-BAN"]
[Site "Dhaka BAN"]
[Date "2003.04.01"]
[Round "6"]
[White "Hossain,P"]
[Black "Haque,R"]
[Result "1-0"]
[WhiteElo "2217"]
[BlackElo "2148"]

1.e4 d6 2.d4 Nf6 3.Nc3 c6 4.h3 Nbd7 5.Be3 e5 6.g4 Qa5 7.Qd2 b5 8.g5 b4 9.gxf6 bxc3
10.Qxc3 Qxc3+ 11.bxc3 Nxf6 12.Bd3 d5 13.dxe5 Nxe4 14.Bxe4 dxe4 15.Ne2 Ba3
16.Rg1 g6 17.Rb1 Bxh3 18.Ng3 Be6 19.Nxe4 Be7 20.Rb7 Bxa2 21.Bd4 Bd5 22.Nd6+ Bxd6
23.exd6 O-O 24.Bf6 Rfe8+ 25.Kd2 Re6 26.Be7 h5 27.Re1 Be4 28.f3 Rd8 29.Rxe4  1-0

[Event "Friendship Cup AZE-IRI"]
[Site "Baku AZE"]
[Date "2003.04.04"]
[Round "7"]
[White "Guliev,L"]
[Black "Darban,M"]
[Result "0-1"]
[WhiteElo "2386"]
[BlackElo "2341"]

1.e4 d6 2.d4 Nf6 3.Nc3 c6 4.a4 e5 5.Nf3 Nbd7 6.Bc4 Be7 7.O-O O-O 8.Re1 Qc7
9.h3 h6 10.Be3 Re8 11.Qd2 Bf8 12.Ba2 a6 13.Nh4 c5 14.dxc5 Nxc5 15.f3 Be6
16.Bxe6 fxe6 17.Qf2 Kh7 18.g4 d5 19.g5 hxg5 20.Bxg5 Qf7 21.Qg3 d4 22.Nd1 Ncd7
23.Nf2 Nh5 24.Qg4 Rac8 25.Re2 Be7 26.Nd3 Bxg5 27.Qxg5 Nf4 28.Nxf4 Qxf4 29.Qh5+ Qh6
30.Qxh6+ gxh6 31.Kh2 Rg8 32.Rf1 Rcf8 33.Ng2 Nf6 34.Ne1 Nh5 35.Rg2 Rxg2+ 36.Kxg2 Nf4+
37.Kh2 Rc8 38.Rf2 Rc4 39.b3 Rc3 40.Ng2 Kg6 41.Kg3 d3 42.cxd3 Nxd3 43.Rd2 Nc5
44.Kf2 Rxb3 45.a5 Rb5 46.Ne3 Nb3 47.Rd6 Kf6 48.Rd7 Nxa5 49.Kg3 Nc6  0-1

[Event "National I"]
[Site "Besancon FRA"]
[Date "2003.04.04"]
[Round "4"]
[White "Sarthou,G"]
[Black "Mensch,E"]
[Result "1/2-1/2"]
[WhiteElo "2375"]
[BlackElo "2337"]

1.e4 d6 2.d4 Nf6 3.Nc3 Nbd7 4.Bc4 e5 5.Nge2 Be7 6.O-O O-O 7.a4 c6 8.Kh1 b6
9.Ng3 exd4 10.Qxd4 Nc5 11.b4 Ncxe4 12.Ngxe4 d5 13.Bg5 Nxe4 14.Bxe7 Qxe7 15.Bxd5 cxd5
16.Nxd5 Qh4 17.Rad1 Bb7 18.g3 Bxd5 19.Qxd5 Qg4 20.f3 Nxg3+ 21.hxg3 Qh3+ 22.Kg1 Qxg3+
23.Kh1 Rae8 24.Qh5 Re5 25.Qh2 Qxh2+ 26.Kxh2 Re2+ 27.Kg3 Rxc2 28.Rd7 Rc4 29.a5 bxa5
30.bxa5 a6 31.Rd6 Ra8 32.Rb1 g6 33.Rb7 Rc5 34.Rf6 Rxa5 35.Rfxf7 Rh5 36.Kg4 a5
37.f4 Rh1 38.Kg5 a4 39.Rg7+ Kh8 40.Ra7 Rh5+ 41.Kg4 Rxa7 42.Rxa7 Rb5 43.Rxa4 h5+
44.Kf3 Kg7 45.Ra8 Rb3+ 46.Kg2 Kf6 47.Rf8+ Ke6 48.f5+ gxf5 49.Rh8 Ke5 50.Rxh5 Ke4
51.Kf2 f4 52.Ra5 Rb2+ 53.Kf1 Kf3 54.Ra3+ Kg4 55.Rc3  1/2-1/2

[Event "29th ch-BAN"]
[Site "Dhaka BAN"]
[Date "2003.04.05"]
[Round "10"]
[White "Hossain,Enam"]
[Black "Haque,R"]
[Result "1/2-1/2"]
[WhiteElo "2451"]
[BlackElo "2148"]

1.e4 d6 2.d4 Nf6 3.Nc3 c6 4.Nf3 Bg4 5.h3 Bh5 6.Qe2 e6 7.g4 Bg6 8.h4 h5 9.g5 Nfd7
10.Bh3 Be7 11.d5 cxd5 12.exd5 e5 13.O-O O-O 14.Nd2 a5 15.Nce4 Bxe4 16.Nxe4 g6
17.f4 exf4 18.Bxf4 Na6 19.Qh2 Nb6 20.Bxd6 Nxd5 21.Qe5 Bxd6 22.Nxd6 Qb6+ 23.Kh2 Ne3
24.Rf6 Qc5 25.Qxc5 Nxc5 26.c4 Nd3 27.Rf3 Nc2 28.Rd1 Ne5 29.Rb3 a4 30.Rxb7 Ne3
31.Rc1 Ra6 32.Ne4 N3xc4 33.Kg3 Nd6 34.Nf2 Kg7 35.Rcc7 Nd3 36.Rc2 Nb4 37.Rcc7 a3
38.b3 Nxa2 39.Ra7 Rxa7 40.Rxa7 Nb5 41.Ra5 Nac3 42.Bf1 Rb8 43.Bc4 a2 44.b4 Nd6
45.Bxa2 Nce4+ 46.Nxe4 Nxe4+ 47.Kh3 Rxb4 48.Ra7 Nd6 49.Bd5 Rb5 50.Ba2 Rb7
51.Rxb7 Nxb7 52.Kg3 Nd6 53.Bb1 Kf8 54.Kf4 Ke7 55.Bc2 f5 56.gxf6+ Kxf6 57.Kg3 Nf5+
58.Kh3 Ke5 59.Bb3 Nd6 60.Bc2 Ne4 61.Bb1 Kf4 62.Bc2 Ke3 63.Kg2 Kf4 64.Kh3 Ke5
65.Kg2 Kf4 66.Kh3 Kf3 67.Bd1+ Ke3 68.Bc2 Kf4 69.Bb1 Kf3 70.Kh2 g5 71.Bxe4+ Kxe4
72.hxg5 Kf5  1/2-1/2

[Event "ch-SCO"]
[Site "Edinburgh SCO"]
[Date "2003.04.05"]
[Round "1"]
[White "Motwani,P"]
[Black "Redpath,J"]
[Result "1-0"]
[WhiteElo "2528"]
[BlackElo "2193"]

1.d4 d6 2.e4 Nf6 3.Nc3 c6 4.f4 Qa5 5.e5 Ne4 6.Qf3 d5 7.Bd3 Na6 8.Ne2 f5 9.exf6 exf6
10.Bxe4 dxe4 11.Qxe4+ Kf7 12.O-O Bf5 13.Qf3 Nb4 14.g4 Nxc2 15.gxf5 Nxa1 16.Bd2 Nb3
17.axb3 Qxf5 18.Ng3 Qc2 19.Nce4 Qxb2 20.Ng5+ fxg5 21.fxg5+ Ke8 22.Qe2+ Be7
23.Nf5  1-0

[Event "National I"]
[Site "Besancon FRA"]
[Date "2003.04.06"]
[Round "6"]
[White "Brochet,P"]
[Black "Mohebbi,J"]
[Result "1-0"]
[WhiteElo "2392"]
[BlackElo "2279"]

1.e4 d6 2.d4 Nf6 3.Nc3 e5 4.dxe5 dxe5 5.Qxd8+ Kxd8 6.Bg5 Bd6 7.O-O-O Nd7
8.Bc4 Ke8 9.f4 Ng4 10.fxe5 Bxe5 11.Nh3 f6 12.Bf4 Bxc3 13.bxc3 Nde5 14.Bb3 Ke7
15.Rhf1 Be6 16.Ng1 g5 17.Bxe5 fxe5 18.Bxe6 Kxe6 19.Nf3 h6 20.Rd3 Rad8 21.Rfd1 Rd6
22.Rd5 Rhd8 23.h3 Ne3 24.Rxe5+ Kf6 25.Rxd6+ Rxd6 26.Rc5 Rd1+ 27.Kb2 c6 28.g3 Ke6
29.e5 Kd7 30.Nd4 Nd5 31.a3 Re1 32.c4 Ne7 33.Ra5 Re4 34.Nb3 Rxc4 35.Rxa7 Nf5
36.Rxb7+ Ke6 37.g4 Ne3 38.c3 Kxe5 39.Nd2 Nd1+ 40.Kc2 Rxc3+ 41.Kxd1 Rxh3 42.a4 Rg3
43.Rb4 Kd5 44.Ne4 Rg1+ 45.Kc2 c5 46.Nc3+ Kc6 47.Re4 Kb6 48.Kb3 Rh1 49.Re6+ Ka5
50.Rc6 Rh4 51.Rxc5+ Kb6 52.Rc4 h5 53.gxh5 Rxh5 54.Rb4+ Ka7 55.Rg4 Ka6 56.Ne4 Rh3+
57.Kb4 Rh4 58.Rxh4 gxh4 59.Ng5 Kb6 60.a5+ Kc6 61.Nh3 Kb7 62.Kb5 Ka7 63.a6 Ka8
64.Kb6 Kb8 65.a7+ Ka8 66.Nf4 h3 67.Nd5  1-0

[Event "National I"]
[Site "Besancon FRA"]
[Date "2003.04.07"]
[Round "7"]
[White "Sermier,G"]
[Black "Galdunts,S"]
[Result "0-1"]
[WhiteElo "2373"]
[BlackElo "2493"]

1.e4 d6 2.d4 Nf6 3.Nc3 Nbd7 4.Nf3 e5 5.Bc4 Be7 6.O-O O-O 7.Re1 c6 8.a4 b6
9.b3 a6 10.d5 c5 11.Nd2 Ne8 12.Nf1 g6 13.Bh6 Ng7 14.Ne3 Bh4 15.g3 Be7 16.Bd3 Nf6
17.f3 Nfh5 18.Nc4 Rb8 19.Qe2 f5 20.Rf1 Rf7 21.Rfb1 fxe4 22.fxe4 Bh3 23.Qd2 Qd7
24.Bf1 Rbf8 25.Bg2 Bxg2 26.Qxg2 Rf2 27.Qxf2 Rxf2 28.Kxf2 Qh3 29.Rh1 Ne8 30.Bd2 Nef6
31.Ne3 b5 32.axb5 axb5 33.Kf3 Nf4 34.Ne2 Qh5+ 35.g4 Qh3+ 36.Ng3 h5 37.gxh5 gxh5
38.Rag1 Kf8 39.Nf5 h4 40.Bxf4 Qg4+ 41.Kg2 exf4 42.Re1 h3+ 43.Kf2 fxg3+ 44.Nxg3 Nd7
45.Rhf1 Ne5 46.Kg1+ Ke8 47.Ra1 Bh4 48.Ra8+ Ke7 49.Ra7+ Nd7 50.Kf2 Bxg3+ 51.hxg3 Qxe4  0-1

[Event "National I"]
[Site "Bordeaux FRA"]
[Date "2003.04.07"]
[Round "7"]
[White "Moracchini,F"]
[Black "Theon,P"]
[Result "1-0"]
[WhiteElo "2302"]
[BlackElo "2209"]

1.d4 d6 2.e4 Nf6 3.Nc3 e5 4.Nge2 Nbd7 5.g3 c6 6.a4 d5 7.Bg2 dxe4 8.O-O Be7
9.Nxe4 Nxe4 10.Bxe4 Nf6 11.Bg2 exd4 12.Nxd4 Bg4 13.Qd2 Qd7 14.Re1 Rd8 15.Qe3 O-O
16.Nf3 Bb4 17.c3 Rfe8 18.Qd2 Qxd2 19.Rxe8+ Nxe8 20.Nxd2 Be7 21.h3 Bf5 22.Kh2 Nf6
23.Bf3 h5 24.Kg2 g5 25.Nc4 g4 26.hxg4 hxg4 27.Be2 Be4+ 28.Kg1 Kg7 29.Bg5 Rh8
30.Bh4 Nd5 31.Bxg4 Bxh4 32.gxh4 Rxh4 33.f3 Nf6 34.Nd6 Bg6 35.Bc8 b6 36.a5 Rh5
37.a6 Rd5 38.Nc4 b5 39.Na5 Rd2 40.Nxc6 Bh5 41.Nxa7 Bxf3 42.Bb7 Ne4 43.Bxe4 Bxe4
44.b4 f5 45.Nxb5 f4 46.Nd4 f3 47.Nxf3 Bxf3 48.Ra5 Rg2+ 49.Kf1 Rc2 50.a7 Rxc3
51.a8=Q Bxa8 52.Rxa8 Rb3 53.Rb8 Kf6 54.Ke2 Ke5 55.Kd2 Kd4 56.Kc2 Rc3+ 57.Kb2 Rc7
58.Kb3 Kd5 59.Ka4 Kc6 60.b5+ Kc5 61.b6 Rh7 62.Ka5 Kc6 63.Ka6 Rh1 64.Rc8+ Kd7
65.Rc4 Ra1+ 66.Kb7 Rd1 67.Kb8 Rd2 68.b7 Rd1 69.Ra4  1-0

[Event "ch-POLJ u20"]
[Site "Jarnoltowek POL"]
[Date "2003.04.08"]
[Round "3"]
[White "Mista,A"]
[Black "Banasik,K"]
[Result "1/2-1/2"]
[WhiteElo "2430"]
[BlackElo "2128"]

1.e4 d6 2.d4 Nf6 3.Nc3 e5 4.Nf3 exd4 5.Nxd4 Be7 6.Bf4 O-O 7.Qd2 Nc6 8.O-O-O Nxd4
9.Qxd4 Be6 10.f3 Nd7 11.g4 Bg5 12.Qe3 Bxf4 13.Qxf4 Qf6 14.Qxf6 Nxf6 15.Nb5 Rfc8
16.Nd4 Kf8 17.Nxe6+ fxe6 18.Kd2 Ke7 19.Ke3 Rf8 20.Be2 e5 21.Rd3 Nd7 22.Rc3 Rac8
23.b4 Nb8 24.Ra3 a6 25.c4 Nc6 26.b5 Nd4 27.Rc1 a5 28.c5 b6 29.cxb6 cxb6 30.Rac3 Rc5  1/2-1/2

[Event "GM"]
[Site "Evry FRA"]
[Date "2003.04.10"]
[Round "1"]
[White "Abergel,T"]
[Black "Shirazi,K"]
[Result "1-0"]
[WhiteElo "2365"]
[BlackElo "2437"]

1.e4 d6 2.d4 Nf6 3.Nc3 Nbd7 4.f4 e5 5.Nf3 c6 6.a4 exd4 7.Qxd4 d5 8.e5 Bc5
9.Qd1 Ng4 10.Nd4 Ngxe5 11.Nb3 Ng6 12.Nxc5 Nxc5 13.Qe2+ Qe7 14.Qxe7+ Nxe7
15.b4 Ne6 16.Bd3 a5 17.bxa5 Rxa5 18.O-O Nc5 19.Ba3 Nxd3 20.cxd3 Kd8 21.Bb4 Ra6
22.a5 Bf5 23.Rfe1 Ng6 24.Na4 Nxf4 25.Nc5 Nxd3 26.Nxb7+ Kc8 27.Nd6+ Kb8 28.Reb1 Bg6
29.Be1+ Kc7 30.Bg3 Kd7 31.Rb7+ Ke6 32.Rc7 Rd8 33.Nb7 Rd7 34.Rb1 Rxc7 35.Bxc7 Kd7
36.Bb6 Be4 37.Rb3 Ke7 38.Rc3 Ne5 39.Nc5 Ra8 40.Bc7 f6 41.a6 Bf5 42.Rb3 Nd7
43.Re3+ Be4 44.Nxe4 dxe4 45.Rxe4+ Kf7 46.Bd6 Ne5 47.Ra4 Ke6 48.Bc7 c5 49.a7 Kd5
50.Ra6 Nc6 51.Bb6 Kc4 52.Bc7 Nb4 53.Ra5 Kd5 54.Bb6 Nd3 55.Bc7 Kc6 56.Bb8 Kb6
57.Ra1 Ne5 58.Rb1+ Ka6 59.Ra1+ Kb7 60.Rb1+ Kc6 61.Kf2 Nd7 62.Ke3 Nb6 63.Kd3 Nc8
64.Ra1 Ne7 65.Kc4 Nd5 66.Ra6+ Nb6+ 67.Kd3 Kb7 68.Ra1 Nd7 69.Rb1+ Kc6 70.Rb3 Kd5
71.Rb7 Ne5+ 72.Bxe5 fxe5 73.Rd7+ Kc6 74.Rxg7 h5 75.Kc4 Kb6 76.Rg6+ Kxa7 77.Kxc5 Rd8
78.Re6 Rd2 79.Rxe5 h4 80.Rh5 h3 81.gxh3 Rxh2 82.Kc6 Kb8 83.Rh8+ Ka7 84.h4 Rc2+
85.Kd6 Kb7 86.h5 Rd2+ 87.Ke6 Kc7 88.h6 Re2+ 89.Kf6 Kd7 90.h7 Rf2+ 91.Ke5 Re2+
92.Kf4 Rh2 93.Ra8  1-0

[Event "Seniorsko"]
[Site "Nisa YUG"]
[Date "2003.04.10"]
[Round "2"]
[White "Nikolic,Zo1"]
[Black "Radosavljevic,No"]
[Result "0-1"]
[WhiteElo "2243"]
[BlackElo "2054"]

1.e4 d6 2.d4 Nf6 3.Nc3 c6 4.a4 Qa5 5.Bd2 Qb6 6.Nge2 e5 7.a5 Qc7 8.Bg5 Be7
9.Ng3 O-O 10.Be2 h6 11.Be3 Nh7 12.O-O Bg5 13.Qd2 Nd7 14.f4 exf4 15.Bxf4 Ndf6
16.h3 Bd7 17.Nh5 Nxh5 18.Bxh5 Rae8 19.Bxg5 Nxg5 20.Qf4 Re7 21.b4 Bxh3 22.Rae1 Bc8
23.Be2 Rfe8 24.Bd3 Re6 25.Qd2 Qe7 26.b5 Rf6 27.bxc6 bxc6 28.Bc4 Rxf1+ 29.Rxf1 Qd8
30.Qf4 Re7 31.Rb1 Rb7 32.Rxb7 Bxb7 33.a6 Ba8 34.Kh1 Qe7 35.Bd3 Ne6 36.Qf2 Nc7
37.d5 c5 38.Qe2 Qe5 39.Nb5 Nxb5 40.Bxb5 f5 41.Qh5 Qxe4 42.Qg6 Qe7 43.Kg1  0-1